Normal view
MARC view
- CRAVIOTO, ALFONSO,
Entry Nombre Personal
001 - NUMERO DE CONTROL
- campo de control: 26353
003 - IDENTIFICADOR DE NUMERO DE CONTROL
- campo de control: UPN
005 - FECHA Y HORA DE LA ÜLTIMA TRANSACCIÓN
- campo de control: 20210219194032.0
008 - DATOS DE LONGITUD FIJA
- campo de control de longitud fija: nabaccnnaabn|||||||||| b |nc|||||d
035 ## - NUMERO DE CONTROL
- Número de control: UPN10000026362
040 ## - FUENTE DE CATALOGACIÓN
- Lenguaje de catalogación: SPA
- Agencia de transcripción: UPN
100 1# - ENCABEZAMIENTO - NOMBRE PERSONAL
- Nombre personal: CRAVIOTO, ALFONSO,
- Fechas asociadas con el nombre: 1884-1955
670 ## - FUENTE EN LA QUE SE LOCALIZARON DATOS
- Cita de la fuente: T
- Información localizada: Alfonso Cravioto : constituyente de 1917
902 ## - CATALOGADOR
- Catalogador: MCM/020318
